[Event "Sharjah op blitz"]
[Site "Sharjah"]
[Date "2014.07.09"]
[Round "5"]
[White "Esa, AH Almarazeeq"]
[Black "Abo, Jumar"]
[Result "1-0"]
[WhiteElo "1793"]
[BlackElo "2144"]
[PlyCount "72"]
[EventDate "2014.07.09"]
[EventType "swiss (blitz)"]
[EventRounds "9"]
[EventCountry "UAE"]
[SourceTitle "EXT 2016"]
[Source "ChessBase"]
[SourceDate "2015.10.08"]
[SourceVersion "1"]
[SourceVersionDate "2015.10.08"]
[SourceQuality "1"]

1. d4 Nf6 2. c4 c5 3. d5 b5 4. Nd2 g6 5. e4 d6 6. b3 Bg7 7. Bb2 0-0 8. Ngf3 bxc4 9. bxc4 Bg4 10. Be2 Nbd7 11. 0-0 Rb8 12. Qc2 Rb7 13. Rab1 Qa5 14. Bc3 Qa6 15. Rxb7 Qxb7 16. Rb1 Qc7 17. h3 Bxf3 18. Bxf3 Rb8 19. Rb3 Nb6 20. Qb2 Nbd7 21. Rxb8+ Qxb8 22. Qb5 Qxb5 23. cxb5 Nb6 24. Ba5 Nfd7 25. Bg4 Ne5 26. f4 Nd3 27. Bxb6 axb6 28. Nc4 Nxf4 29. Nxb6 Bd4+ 30. Kf1 Nd3 31. Nc4 Nb4 32. b6 Na6 33. Bc8 Nb8 34. b7 Kf8 35. Nb6 Ke8 36. Nd7 Na6 1-0

[Event "Dubai op 15th"]
[Site "Dubai"]
[Date "2013.04.07"]
[Round "1"]
[White "Esa, AH Almarazeeq"]
[Black "Khotenashvili, Bela"]
[Result "0-1"]
[WhiteElo "1781"]
[BlackElo "2492"]
[PlyCount "38"]
[EventDate "2013.04.07"]
[EventType "swiss"]
[EventRounds "9"]
[EventCountry "UAE"]
[SourceTitle "CBM 153 Extra"]
[Source "ChessBase"]
[SourceDate "2013.04.22"]
[SourceVersion "1"]
[SourceVersionDate "2013.04.22"]
[SourceQuality "1"]

1. d4 Nf6 2. c4 g6 3. Nf3 Bg7 4. g3 c5 5. d5 b5 6. Nbd2 Qa5 7. Qc2 d6 8. e4 Na6 9. Bg2 Nb4 10. Qb1 bxc4 11. Nxc4 Qa6 12. Nfd2 Nbxd5 13. exd5 Bf5 14. Nxd6+ exd6 15. Ne4 0-0 16. Kd1 Nxe4 17. Bxe4 Qa4+ 18. Bc2 Qg4+ 19. Ke1 Qf3 0-1

[Event "Asia Cities-ch 17th"]
[Site "Jakarta"]
[Date "2011.04.22"]
[Round "1.5"]
[White "Barus, Cerdas"]
[Black "Esa, AH Almarazeeq"]
[Result "1-0"]
[WhiteElo "2443"]
[BlackElo "1786"]
[PlyCount "91"]
[EventDate "2011.04.22"]
[EventType "team-swiss"]
[EventRounds "9"]
[EventCountry "INA"]
[SourceTitle "CBM 142 Extra"]
[Source "ChessBase"]
[SourceDate "2011.06.27"]
[SourceVersion "1"]
[SourceVersionDate "2011.06.27"]
[SourceQuality "1"]
[WhiteTeam "Jakarta"]
[BlackTeam "Sharjah"]
[WhiteTeamCountry "INA"]
[BlackTeamCountry "UAE"]

1. d4 Nf6 2. c4 e6 3. Nf3 d5 4. Nc3 Be7 5. Bg5 0-0 6. e3 h6 7. Bh4 Ne4 8. Bxe7 Qxe7 9. Qc2 c6 10. Bd3 Nxc3 11. Qxc3 dxc4 12. Bxc4 b6 13. 0-0 Nd7 14. Rac1 Bb7 15. Rfd1 c5 16. d5 exd5 17. Bxd5 Nf6 18. Bxb7 Qxb7 19. Rd3 Ne4 20. Qc2 Rad8 21. Rcd1 Qe7 22. h3 Ng5 23. Nxg5 Qxg5 24. Qd2 Rxd3 25. Qxd3 Qe5 26. b3 Qe7 27. Qa6 Rb8 28. Rd5 Rd8 29. Rxd8+ Qxd8 30. Qxa7 Qd1+ 31. Kh2 Qd6+ 32. g3 h5 33. Qa8+ Kh7 34. Qe4+ g6 35. Kg2 Qd2 36. Qb7 Kg7 37. a4 Qb4 38. Qd5 h4 39. Qc4 Kf6 40. Qxb4 cxb4 41. gxh4 Ke5 42. Kf3 f5 43. Ke2 f4 44. f3 fxe3 45. Kxe3 Kd5 46. f4 1-0